000 00208nam a2200121Ia 4500
100 _aNone
650 _aAutomobiles
942 _cBK
245 _anone
260 _bnone
546 _aENGLISH
999 _c35537
_d35537